Gaming Quiz

Random Gaming or Board Games Quiz
Score 0/13 Timer 10:00
0 Plays Today
Year % Correct
1980Zork I: The Great Underground Empire
100%
1981Zork II: The Wizard of Frobozz
94.6%
1982Zork III: The Dungeon Master
94.6%
1983Enchanter
66.7%
1988Zork Zero
61.3%
1993Return to Zork
59.1%
1997Zork Grand Inquisitor
58.1%
1987Beyond Zork
53.8%
1996Zork Nemesis
50.5%
1985Wishbringer
46.2%
1984Sorcerer
44.1%
1985Spellbreaker
40.9%
1997Zork: The Undiscovered Underground
32.3%
Come Together.
Have Fun.
All Virtual.
We all need to come together. Play Sporcle's virtual live trivia to have fun, connect with people, and get your trivia on. Join a live hosted trivia game for your favorite pub trivia experience done virtually. If a virtual private party is more your thing, go here for details.

You're not logged in!

Compare scores with friends on all Sporcle quizzes.
OR
Log In

Sporcle TV

Today on Sporcle TV


Watch our educational content, quiz creation guides, and fun videos on Sporcle TV.

Show Comments

Extras

Top Quizzes Today


Score Distribution

Paid Content

Your Account Isn't Verified!

In order to create a playlist on Sporcle, you need to verify the email address you used during registration. Go to your Sporcle Settings to finish the process.

Report this User

Report this user for behavior that violates our Community Guidelines.

Details: